| 000 | 01196cam a2200277 4500 | ||
|---|---|---|---|
| 008 | 230524s2022 ii 000 0 eng u | ||
| 020 | _a9788190162372 | ||
| 041 | _aeng | ||
| 050 | _a333.3321 | ||
| 100 | _aBudhbhatti, Kirit P. | ||
| 245 |
_aValuation of plant and machinery _btheory and practice |
||
| 250 | _a4th ed. | ||
| 260 |
_aKaramsad _bthe author _c2022 |
||
| 300 | _a558p. | ||
| 520 | _aA reference book for plant and machinery valuations, aimed at students and in the context of India. Covers role and function of a valuer; definitions and glossary of terms; valuation fundamentals; depreciation and obsolescence; valuation methods and procedures; environmental issues; fire insurance; and technical specifications for machinery used in different industries. Draws on information from RICS, American Society of Appraisers and other organisations around the world. | ||
| 650 | _aPLANT AND MACHINERY | ||
| 650 | _aVALUATION METHODS | ||
| 650 | _aINDIA | ||
| 650 | _aENVIRONMENTAL ISSUES | ||
| 650 | _aDEPRECIATION | ||
| 650 | _aOBSOLESCENCE | ||
| 650 | _aFIRE INSURANCE | ||
| 651 | 4 | _aINDIA | |
| 690 | _aPROPERTY-PROPERTY APPRAISAL AND VALUATION | ||
| 942 |
_n0 _2ddc |
||
| 999 |
_c121506 _d121506 |
||